000 00720cam a2200217 4500
001 3605
005 20181127171609.0
008 980226r19981997nyua b 001 0 eng d
010 _a 97061441
020 _a9781848311817
100 1 _aSardar, Ziauddin.
245 1 0 _aIntroducing cultural studies /
_cZiauddin Sardar and Borin Van Loon.
246 3 0 _aCultural studies
260 _aNew York :
_bTotem Books,
_a
_b
_c2010.
300 _a173 p. :
_bill. ;
_c21 cm.
504 _aIncludes bibliographical references (p. 172-173) and index.
650 0 _aCulture
_xStudy and teaching.
700 1 _aAppignanesi, Richard.
700 1 _aSardar, Ziauddin.
_tCultural studies for beginners.
700 1 _aVan Loon, Borin,
_d1951-
999 _c2937
_d2937